Statistiques concernant Tous les jeux de la licence GTA

Cliquez ici pour prendre le quiz!

Statistiques générales

  • Ce quiz a été pris 271 fois
  • Le résultat moyen est 9 sur 17

Statistiques - réponses

Jeu% Correct
GTA
100%
GTA V
97%
GTA III
94%
GTA VI
92%
GTA IV
90%
GTA 2
87%
GTA San Andreas
86%
GTA Vice City
63%
GTA Liberty City Stories
36%
GTA Chinatown Wars
33%
GTA Vice City Stories
33%
GTA Online
31%
GTA The Ballad of Gay Tony
16%
GTA Advance
14%
GTA The Lost and Damned
11%
GTA London 1969
9%
GTA London 1961
5%

Distribution des résultats

Percentile par nombre de réponses

% des personnes avec chaque résultat

Votre développement - résultats

Vous n’avez pas pris ce quiz